000 00343nam a2200145Ia 4500
008 191201s2005 xx 000 0 und d
082 _a658.4038
_bBRM
100 _aO BRIEN, James A
245 0 _aManagement Information Systems
250 _a6th
260 _aN.Delhi
_bTMH
_c2005
300 _a529
650 _aB.Tech(CSE)
942 _2ddc
_cBK
999 _c1372
_d1372